书目信息 |
| 题名: |
激光物理导论
|
|
| 作者: | 章若冰 , 王清月 编 | |
| 分册: | ||
| 出版信息: | 天津 天津大学出版社 1988.12 |
|
| 页数: | 490页 | |
| 开本: | 20厘米 | |
| 丛书名: | ||
| 单 册: | ||
| 中图分类: | TN241 | |
| 科图分类: | ||
| 主题词: | ||
| 电子资源: | ||
| ISBN: | 7-5618-0107-6 | |
| 000 | 00705nam0 2200241 45 | |
| 001 | 0189021658 | |
| 005 | 20040707084845.7 | |
| 010 | @a7-5618-0107-6@dCNY3.70 | |
| 020 | @aCN@b89021658 | |
| 100 | @a19910905d1988 m y0chiy0120 ea | |
| 101 | 0 | @achi |
| 102 | @aCN@b120000 | |
| 105 | @ay z 000yy | |
| 106 | @ar | |
| 200 | 10 | @a激光物理导论@Aji guang wu li dao lun@f章若冰,王清月编@Fzhang ruo bing , wang qing yue bian |
| 210 | @a天津@c天津大学出版社@d1988.12 | |
| 215 | @a490页@d20厘米 | |
| 540 | 1 | @a激光 物理@Aji guang wu li |
| 690 | @aTN241@v1980 | |
| 701 | 0 | @a章若冰@Azhang ruo bing@4编 |
| 701 | 0 | @a王清月@Awang qing yue@4编 |
| 801 | 0 | @aCN@bNLC@c19910905 |
| 905 | @f1@b225636@dTN241@e44 | |
| 激光物理导论/章若冰,王清月编.-天津:天津大学出版社,1988.12 |
| 490页;20厘米 |
| ISBN 7-5618-0107-6:CNY3.70 |
| ● |
| 相关链接 |
|
|
|
|
正题名:激光物理导论
索取号:TN241/44
 
预约/预借
| 序号 | 登录号 | 条形码 | 馆藏地/架位号 | 状态 | 备注 |
| 1 | 0225636 | 001945578 | 第三借阅区/ [索取号:TN241/44] | 在馆 | |
| 2 | 0225637 | 001350781 | 第二样本阅览室/ [索取号:TN241/44] | 在馆 |